Atheist countries - Statistics

General Stats
  • This quiz has been taken 79 times
  • The average score is 17 of 22
Answer Stats
Continent Country % Correct
Europe Sweden
94%
Europe Norway
93%
Oceania Australia
91%
Europe France
91%
Europe Germany
91%
Europe United Kingdom
91%
Asia China
90%
Europe Denmark
88%
Europe Finland
88%
Europe Belgium
85%
Europe Austria
84%
Asia Japan
84%
North America Canada
82%
Europe Czech Republic
78%
Europe Spain
75%
Europe Estonia
73%
Asia Vietnam
72%
Europe Ireland
66%
Europe Latvia
64%
Europe Slovenia
63%
Asia Israel
54%
Asia Azerbaijan
37%
No matching quizzes found
Score Distribution
Percent of People with Each Score
Percentile by Number Answered
Your Score History
You have not taken this quiz